|
|
|
|
| LEADER |
00000nam0a2200000 4500 |
| 001 |
247038 |
| 005 |
20231101232250.0 |
| 035 |
|
|
|a (RuTPU)RU\TPU\book\268511
|
| 090 |
|
|
|a 247038
|
| 100 |
|
|
|a 20131216d1990 k y0rusy50 ca
|
| 101 |
0 |
|
|a rus
|
| 102 |
|
|
|a RU
|
| 105 |
|
|
|a a z 001zy
|
| 200 |
1 |
|
|a Лептоны и кварки
|f Л. Б. Окунь
|
| 205 |
|
|
|a 2 изд., перераб и доп.
|
| 210 |
|
|
|a Москва
|c Наука
|d 1990
|
| 215 |
|
|
|a 346 с.
|c ил.
|
| 320 |
|
|
|a Предм. указ.: с. 337-341.
|
| 606 |
1 |
|
|a Лептоны
|2 stltpush
|3 (RuTPU)RU\TPU\subj\68745
|9 83910
|
| 610 |
1 |
|
|a кварки
|
| 610 |
1 |
|
|a токи
|
| 610 |
1 |
|
|a мюоны
|
| 610 |
1 |
|
|a лептонные распады
|
| 610 |
1 |
|
|a динамика
|
| 610 |
1 |
|
|a распады
|
| 610 |
1 |
|
|a перенормируемость
|
| 610 |
1 |
|
|a инвариантность
|
| 610 |
1 |
|
|a синтез
|
| 610 |
1 |
|
|a частицы
|
| 610 |
1 |
|
|a Вселенная
|
| 675 |
|
|
|a 539.121.7
|v 3
|
| 700 |
|
1 |
|a Окунь
|b Л. Б.
|g Лев Борисович
|
| 801 |
|
1 |
|a RU
|b 63413507
|c 20131216
|
| 801 |
|
2 |
|a RU
|b 63413507
|c 20131219
|g RCR
|
| 942 |
|
|
|c BK
|